000 00783nam a2200217 i 4500
001 116099
003 ES-MaACL
005 20250907063102.0
007 t|
008 061121s1904 sp r ||||1| spa d
100 1 _aParis, Gaston,
_d1839-1903
_989136
245 1 0 _aLégendes du moyen âge /
_cpar Gaston Paris.
250 _a2é ed.
260 _aParis :
_b[Librairie Hachette],
_c1904.
300 _a291 p. ;
_c19 cm.
505 8 _aContiene: Roncevaux. - Le paradis de la reine Sibylle. - La légende du Tannhäuser. - Le juif errant. - Le lai de l'oiselet. - Appendice: Texte du "Lai de l'oiselet
650 4 _aLiteratura medieval-
_xHistoria y crítica.
_914639
650 0 _aLeyendas-
_zEuropa
_9237234
852 _aES-MaACL
_jG-15632
999 _c116099
_d116099